Specification for pneumatic tyres for automotive vehicles. Part IV. Tyres for scooters and scooter derivatives. (First Revision). (Record no. 73421)

MARC details
000 -LEADER
fixed length control field 00445nam a2200133Ia 4500
245 #0 - TITLE STATEMENT
Title Specification for pneumatic tyres for automotive vehicles. Part IV. Tyres for scooters and scooter derivatives. (First Revision).
260 ## - PUBLICATION, DISTRIBUTION, ETC. (IMPRINT)
Year of publication 1991
500 ## - GENERAL NOTE
General note Standard number: IS 10914 Part III
650 ## - SUBJECT ADDED ENTRY--TOPICAL TERM
Topical Term Automotive vehicle tyre
650 ## - SUBJECT ADDED ENTRY--TOPICAL TERM
Topical Term Pneumatic tyre
650 ## - SUBJECT ADDED ENTRY--TOPICAL TERM
Topical Term Scooter tyre
942 ## - ADDED ENTRY ELEMENTS (KOHA)
Koha item type Standards
Holdings
Withdrawn status Lost status Damaged status Not for loan Collection code Home library Current library Date acquired Koha item type
      Standards Indian standards RRII Library RRII Library 31/12/2021 Standards